[Event "Burgos Intercajas"]
[Site "Burgos"]
[Date "2011.10.24"]
[Round "2.5"]
[White "Almagro Gonzalez, Francisco"]
[Black "Urias Gascon, Francisco Javier"]
[Result "1-0"]
[WhiteElo "1915"]
[BlackElo "1951"]
[PlyCount "51"]
[EventDate "2011.10.23"]
[EventType "swiss"]
[EventRounds "6"]
[EventCountry "ESP"]
[SourceTitle "EXT 2024"]
[Source "ChessBase"]
[SourceDate "2023.10.10"]
[SourceVersion "1"]
[SourceVersionDate "2023.10.10"]
[SourceQuality "1"]
[WhiteTeam "Caja Granada"]
[BlackTeam "Caja Navarra"]
[WhiteTeamCountry "ESP"]
[BlackTeamCountry "ESP"]

1. d4 d5 2. c4 Nf6 3. Nc3 dxc4 4. e3 g6 5. Bxc4 Bg7 6. Nf3 0-0 7. 0-0 Bg4 8. h3 Bd7 9. b3 a6 10. Ba3 b5 11. Bd3 Re8 12. Rc1 e6 13. Ne5 Bc8 14. Qc2 Bb7 15. Rfd1 c6 16. Ne2 Qc8 17. Ng3 a5 18. Qe2 b4 19. Bb2 Nbd7 20. Nc4 Ba6 21. Nd6 Bxd3 22. Qxd3 Qc7 23. Nxe8 Rxe8 24. Rd2 Qb7 25. Ne4 Nd5 26. Nd6 1-0